000 01010cam a2200289 4500
001 M1646
008 090401t1994 xxu||||| |||| 00| 0 eng d
035 _a(Sirsi) u33523
041 _aeng
050 _a368.5
090 _aRICS 1994/73ABCD
110 _aRoyal Institution of Chartered Surveyors
_94900
245 _aCompulsory professional indemnity insurance bye-law and regulations.
250 _aRevised ed.
260 _aLondon
_bRoyal Institution of Chartered Surveyors
_c1994
300 _a7p. ; 30cm.
350 _a0
520 _aIncorporates amendments approved by the General Council on 27/04/1987, 11/04/1988, 10/07/1989, 26/04/1993, 11/07/1994.
650 _aRICS BYE-LAW 24(9A)
650 _aABOUT RICS-RICS MEMBERS
650 _aCOMPULSORY PROFESSIONAL INDEMNITY INSURANCE
650 _aRICS PROFESSIONAL INDEMNITY COLLECTIVE POLICY
650 _aRICS RULES OF CONDUCT
690 _aMANAGEMENT-BUSINESS MANAGEMENT-PROFESSIONAL PRACTICE
942 _n0
948 _c04/03/1997
999 _c89813
_d89813